| 000 | 00603nam a22002177a 4500 | ||
|---|---|---|---|
| 003 | dpl | ||
| 005 | 20240322113745.0 | ||
| 008 | 240305b |||||||| |||| 00| 0 eng d | ||
| 010 | _aENG-139900 | ||
| 020 |
_a9788192454313 _c400.00 |
||
| 035 | _aEN-123432 | ||
| 037 | _bDBAD/PUB | ||
| 040 | _c. | ||
| 082 | _a794.124 | ||
| 100 |
_aSarkar,Asit _962808 |
||
| 245 |
_aIdeal Chess/ _cBy Asit Sarkar |
||
| 260 |
_aKolkata _bSharkar Dutta sandhya prokashan _c2011 |
||
| 270 |
_a14/1, raja lane _bKolkata _e700009 |
||
| 300 |
_a379.Pages _c23cm,(pbk) |
||
| 942 |
_2ddc _cEN _h794.124 _mSar |
||
| 999 |
_c201727 _d201727 |
||